000 03068cam a22005294i 4500
003 PE-LiUPU
005 20250731173037.0
008 170301t2015 miu rb 001 0 eng d
020 _z0802872859
_q(pbk. ;
_qalk. paper)
020 _z9780802872852
_q(pbk. ;
_qalk. paper)
035 _a(Sirsi) 974040548
035 _a(OCoLC)974040548
040 _aN$T
_beng
_erda
_epn
_cN$T
_dN$T
_dYDX
_dOCLCO
_dOSU
_dOCLCQ
_dOCLCO
_dOCLCA
_dPE-LiUPU
_erda
049 _aPRUA
050 4 _aBS646
_b.C649 2015eb
082 0 4 _a220.046
_bC75
_223
100 1 _aCollins, John J.,
_d1946-
_eautor.
245 1 0 _aApocalypse, prophecy, and pseudepigraphy :
_bon Jewish Apocalyptic literature /
_cJohn J. Collins.
264 1 _aGrand Rapids, Michigan :
_bWilliam B. Eerdmans Publishing Company,
_c2015.
300 _ax, 389 páginas ;
_c23 centímetros
336 _atext
_2rdacontent
337 _aunmediated
_2rdamedia
338 _avolume
_2rdacarrier
504 _aBibliografía : páginas 343-373.
504 _aIndice : páginas 381-389.
505 0 _aApocalypse and prophecy -- The eschatology of Zechariah -- The beginning of the end of the world in the Hebrew Bible -- Apocalypticism and the transformation of prophecy in the second temple period -- Variations on a genre -- Enochic Judaism: An assessment -- The genre of the book of Jubilees -- The Sibyl and the Apocalypses: Generic relationships in Hellenistic Judaism and early Christianity -- Gabriel and David: Some reflections on an enigmatic text -- The idea of election in 4 Ezra -- Themes in Jewish Apocalyptic literature -- Jerusalem and the temple in Jewish Apocalyptic literature of the second temple period -- Journeys to the world beyond in ancient Judaism -- The afterlife in Apocalyptic literature -- Pseudepigraphy -- Pseudepigraphy and group formation in Second Temple Judaism -- Enoch and Ezra -- Sybilline Discourse -- Ethics and politics. Ethos and identify in Jewish Apocalyptic literature -- Apocalypse and empire -- Cognitive dissonance and eschatological violence: Fantasized solutions to a theological dilemma in Second Temple Judaism -- Radical religion and the ethical dilemmas of Apocalyptic Millenarianism.
526 _aSEG42
526 _aSEG41
526 _aSEG40
526 _aSEG39
526 _aP94
526 _aP87
526 _aP86
526 _aP85
526 _aP77
526 _aP76
526 _aP35
630 0 4 _aBiblia
_pN.T.
_pApocalipsis
_xProfecías.
630 0 4 _aBiblia
_pN.T.
_pApocalipsis
_xRelación con el Antiguo Testamento.
910 _adbm
_bncf
_cncf
_d20171214
942 _2ddc
_cBOOK
949 _a220.046 C75
_wDEWEY
_c1
_i77611
_lCATALOGING
_mBUL
_p36.29
_r0
_sY
_tBOOK
_u2017-12-14
_xPOSGRADO
_PP85
_0DONACION
_o.STAFF. Colección Teología.
994 _aC0
_bPEPRU
596 _a1
999 _a220.046 C75
_wDEWEY
_c26172
_i77611
_d26172
_f2021-11-9
_g4
_lCCODEBUL1
_mBUL
_p36.29
_q1
_r0
_sY
_tBOOK
_u2017-12-14
_xTEOLOGIA
_PP85
_0DONACION
_o.STAFF. Colección Teología.
980 _81
_gALBERTO SANCHEZ Responsable de Automatización